The impact of the different motivational tools on employee performance in CMP Federal Security Agency, Inc. / (Record no. 283734)
[ view plain ]
| 000 -LEADER | |
|---|---|
| fixed length control field | 00650nam a22001697a 4500 |
| 003 - CONTROL NUMBER IDENTIFIER | |
| control field | PILC |
| 005 - DATE AND TIME OF LATEST TRANSACTION | |
| control field | 20150305152406.0 |
| 008 - FIXED-LENGTH DATA ELEMENTS--GENERAL INFORMATION | |
| fixed length control field | 150305b xxu||||| |||| 00| 0 eng d |
| 050 ## - LIBRARY OF CONGRESS CALL NUMBER | |
| Classification number | HF 5549.5.M63 |
| Item number | .P579 2006 |
| 100 ## - MAIN ENTRY--PERSONAL NAME | |
| Personal name | Piad, Rexianne Caroline M. |
| 245 ## - TITLE STATEMENT | |
| Title | The impact of the different motivational tools on employee performance in CMP Federal Security Agency, Inc. / |
| Statement of responsibility, etc | Rexianne Caroline M. Piad. |
| 260 ## - PUBLICATION, DISTRIBUTION, ETC. (IMPRINT) | |
| Place of publication, distribution, etc | Las Piñas City, Philippines : |
| Name of publisher, distributor, etc | Southville International School and Colleges, |
| Date of publication, distribution, etc | c2006. |
| 300 ## - PHYSICAL DESCRIPTION | |
| Extent | 97 pages : |
| Other physical details | illustrations ; |
| Dimensions | 28 cm. |
| 521 ## - TARGET AUDIENCE NOTE | |
| Target audience note | Business Administration |
| 650 ## - SUBJECT ADDED ENTRY--TOPICAL TERM | |
| Topical term or geographic name as entry element | Employee motivation. |
| 942 ## - ADDED ENTRY ELEMENTS (KOHA) | |
| Source of classification or shelving scheme | Library of Congress Classification |
| Koha item type | Theses |
| Withdrawn status | Lost status | Source of classification or shelving scheme | Damaged status | Home library | Current library | Shelving location | Date acquired | Source of acquisition | Sub Shelving location | Total Checkouts | Full call number | Barcode | Date last seen | Price effective from | Koha item type |
|---|---|---|---|---|---|---|---|---|---|---|---|---|---|---|---|
| Library of Congress Classification | College Library | College Library | Theses Section | 03/05/2015 | Library Fund | HF 5549.5.M63 .P579 2006 | T0728 | 05/15/2018 | 03/05/2015 | Theses |